| 000 | 00423nam a22001457a 4500 | ||
|---|---|---|---|
| 005 | 20260616162438.0 | ||
| 008 | 180214b xxu||||| |||| 00| 0 eng d | ||
| 040 | _cPK-LaUMT | ||
| 082 |
_aPKAC 070.44 _bABU-J |
||
| 100 | 1 |
_aMaududi, Syed Abul Ala _911418 |
|
| 245 |
_aJalwa e noor (جلوہ نور) / _cAbul Ala Maududi |
||
| 260 |
_aلاہور: _bادارہ معارف اسلامی، _c1993 |
||
| 300 | _a216 | ||
| 942 | _cBK | ||
| 999 |
_c103195 _d103195 |
||